| 000 | 01481nam a22003014a 4500 | ||
|---|---|---|---|
| 001 | ebr10038637 | ||
| 003 | CaPaEBR | ||
| 006 | m u | ||
| 007 | cr cn||||||||| | ||
| 008 | 000204s2000 dcua sb 000 0 eng | ||
| 010 | _z 00008316 | ||
| 020 | _z0309068444 (pbk.) | ||
| 040 |
_aCaPaEBR _cCaPaEBR |
||
| 035 | _a(OCoLC)70754532 | ||
| 050 | 1 | 4 |
_aLB3051 _b.G66688 2000eb |
| 082 | 0 | 4 |
_a371.26/0973 _221 |
| 245 | 0 | 0 |
_aGrading the nation's report card _h[electronic resource] : _bresearch from the evaluation of NAEP / _cCommittee on the Evaluation of National and State Assessments of Educational Progress, Board on Testing and Assessment, Commission on Behavioral and Social Sciences and Education, National Research Council ; Nambury S. Raju ... [et al.], editors. |
| 260 |
_aWashington, D.C. : _bNational Academy Press, _cc2000. |
||
| 300 |
_ax, 264 p. : _bill. |
||
| 504 | _aIncludes bibliographical references. | ||
| 533 |
_aElectronic reproduction. _bPalo Alto, Calif. : _cebrary, _d2013. _nAvailable via World Wide Web. _nAccess may be limited to ebrary affiliated libraries. |
||
| 610 | 2 | 0 |
_aNational Assessment of Educational Progress (Project) _xEvaluation. |
| 650 | 0 |
_aEducational tests and measurements _zUnited States. |
|
| 655 | 7 |
_aElectronic books. _2local |
|
| 700 | 1 | _aRaju, Nambury S. | |
| 710 | 2 | _aebrary, Inc. | |
| 856 | 4 | 0 |
_uhttp://site.ebrary.com/lib/rucke/Doc?id=10038637 _zAn electronic book accessible through the World Wide Web; click to view |
| 999 |
_c57581 _d57581 |
||